A plan for rice production in Kerala (1964-'65 to 1975-'76) (Record no. 66540)

MARC details
000 -LEADER
fixed length control field 00628cam a22002291 4500
001 - CONTROL NUMBER
control field sa 65009964
003 - CONTROL NUMBER IDENTIFIER
control field DLC
005 - DATE AND TIME OF LATEST TRANSACTION
control field 20260227112206.0
008 - FIXED-LENGTH DATA ELEMENTS--GENERAL INFORMATION
fixed length control field 861119s1964 ii 000 0 eng
010 ## - LIBRARY OF CONGRESS CONTROL NUMBER
LC control number sa 65009964
025 ## - OVERSEAS ACQUISITION NUMBER
Overseas acquisition number PL480:I-E-4544
035 ## - SYSTEM CONTROL NUMBER
System control number (OCoLC)14766664
040 ## - CATALOGING SOURCE
Original cataloging agency DLC
Transcribing agency WaU
Modifying agency DLC
042 ## - AUTHENTICATION CODE
Authentication code premarc
050 00 - LIBRARY OF CONGRESS CALL NUMBER
Classification number HD9066.I42
Item number N3
100 1# - MAIN ENTRY--PERSONAL NAME
Personal name Nair, P. K.,
Dates associated with a name 1921-
245 12 - TITLE STATEMENT
Title A plan for rice production in Kerala (1964-'65 to 1975-'76)
Statement of responsibility, etc. by P.K. Nair.
250 ## - EDITION STATEMENT
Edition statement [1st ed.
260 ## - PUBLICATION, DISTRIBUTION, ETC.
Place of publication, distribution, etc. Trichur,
Name of publisher, distributor, etc. V. Balakrishnan,
Date of publication, distribution, etc. 1964].
300 ## - PHYSICAL DESCRIPTION
Extent x, 85 p.
Dimensions 22 cm.
650 #0 - SUBJECT ADDED ENTRY--TOPICAL TERM
Topical term or geographic name entry element Rice
Geographic subdivision India
-- Kerala.

No items available.

Powered by Koha